| 000 | 01071nam a2200265 a 4500 | ||
|---|---|---|---|
| 003 | EG-GiCUC | ||
| 008 | 180711s2006 su g 000 0 ara d | ||
| 017 |
_a1427/3717 _bالرياض. المكتبة الوطنية. |
||
| 020 | _a9960002756 | ||
| 040 |
_aEG-GiCUC _bara _cEG-GiCUC |
||
| 092 | 0 | 4 |
_a230.16 _bS9679 2006 _221. |
| 099 |
_a04 _a230.16 S9679 2006 |
||
| 100 | 1 | _aالسويدان: ناصر محمد. | |
| 245 | 1 | 0 |
_aفهارس كتب الحديث المطبوعة و الآلية / _cناصر بن محمد السويدان. |
| 260 |
_aالرياض : _bمكتبة الملك فهد الوطنية: _c2006. |
||
| 300 |
_a198 ص ؛. _c24 سم . |
||
| 490 | 0 |
_aمطبوعات مكتبة الملك فهد الوطنية. السلسلة الثانية ؛ _v49 |
|
| 504 | _aيشتمل على كشافات. | ||
| 650 | 7 |
_aالحديث _vفهارس. _2qrmak. |
|
| 902 | _a1 | ||
| 905 |
_aاميرة _eمراجع. |
||
| 905 |
_aرضا _eمدخل. |
||
| 942 |
_2ddc _cBK |
||
| 999 |
_c149827 _d149827 |
||